La filosofía de la matemática de Jules Henri Poincaré

Збережено в:
Бібліографічні деталі
Автор: Lorenzo, Javier de (autor)
Формат: Книга
Мова:Іспанська
Опубліковано: Madrid Tecnos 1974
Серія:Filosofía y Ensayo
Предмети:
Теги: Додати тег
Немає тегів, Будьте першим, хто поставить тег для цього запису!

MARC

LEADER 00000nam a2200000 a 4500
001 UCQ8729
003 CL-VaPUC
008 981217e19740000SP |||||||||||||||||spa|d
082 0 4 |a 510.1  |b LOR  |2 21 
100 |a Lorenzo, Javier de  |e autor  |9 422865 
245 1 3 |a La filosofía de la matemática de Jules Henri Poincaré 
300 |a 384 p 
942 |c BK 
945 |d 19981217 00:00:00  |a cmena 
260 |a Madrid  |b Tecnos  |c 1974 
600 0 7 |a POINCARE, JULES HENRI  |2 CL-VaPUC  |9 422866 
650 0 |a Filosofía de las ciencias  |9 256466 
650 0 |a Matemática  |9 260235 
650 0 |a Lógica matemática   |9 262442 
650 7 |a INDUCCION MATEMATICA  |2 CL-VaPUC  |9 422867 
650 0 |a Constructivismo  |9 268156 
650 7 |a AXIOMAS  |2 CL-VaPUC  |9 422868 
650 0 |a Teoría de conjuntos   |9 265668 
583 |a last modification  |c 19981217 00:00:00  |k Rodrigo Vera 
490 0 |a Filosofía y Ensayo 
999 |c 277910  |d 277908 
952 |0 0  |1 0  |4 0  |6 510_100000000000000_LOR_1974  |7 0  |8 A  |9 316176  |a BIBMAT  |b BIBMAT  |d 2019-11-20  |i 1479431  |o 510.1 LOR 1974  |p 1479431  |r 2025-01-07  |w 2019-11-20  |y BK  |k MAT